[Event "Campionatul National de Sah Individ.  M"]
[Site "Eforie Nord"]
[Date "2009.02.04"]
[Round "5.37"]
[White "Sava, Bogdan"]
[Black "Manate, Laurean"]
[Result "1-0"]
[WhiteElo "2115"]
[BlackElo "1881"]
[PlyCount "103"]
[EventDate "2009.02.01"]

1. d4 d5 2. c4 c6 3. Nc3 Nf6 4. Nf3 Nbd7 5. cxd5 cxd5 6. Bf4 a6 7. e3 e6 8. Bd3
Be7 9. Qc2 h6 10. O-O b5 11. Nxb5 O-O 12. Bc7 Qe8 13. Nd6 Bxd6 14. Bxd6 Qd8 15.
Bxf8 Qxf8 16. Qc7 Ne8 17. Qc6 Rb8 18. b3 Nd6 19. Rfc1 Rb6 20. Qc7 Rb7 21. Qa5
Rb8 22. Ne5 Nf6 23. Rc7 Ra8 24. Rac1 Nfe8 25. R7c2 Qe7 26. f3 Kf8 27. Nc6 Qd7
28. e4 dxe4 29. fxe4 Bb7 30. Kh1 Kg8 31. Ne5 Qe7 32. Qe1 Qg5 33. Re2 Nf6 34.
Rc5 Qf4 35. g3 Qf5 36. Kg1 Qh3 37. Re3 Nf5 38. Bf1 Qh5 39. exf5 exf5 40. Qe2 f4
41. Qxh5 Nxh5 42. gxf4 Nxf4 43. Nxf7 Rf8 44. Nd6 Ba8 45. Rc8 Rxc8 46. Nxc8 g5
47. Re7 a5 48. Bc4+ Kf8 49. Rf7+ Ke8 50. Nd6+ Kd8 51. Bb5 Ne2+ 52. Kf2 1-0

[Event "Campionatul National de Sah Individ.  M"]
[Site "Eforie Nord"]
[Date "2009.02.03"]
[Round "4.40"]
[White "Manole, Stefan"]
[Black "Sava, Bogdan"]
[Result "1/2-1/2"]
[WhiteElo "1892"]
[BlackElo "2115"]
[PlyCount "50"]
[EventDate "2009.02.01"]

1. e4 Nf6 2. e5 Nd5 3. d4 d6 4. c4 Nb6 5. exd6 exd6 6. Nc3 Nc6 7. Be3 Bf5 8.
Nf3 Be7 9. Be2 O-O 10. O-O Bf6 11. Rc1 Ne7 12. b4 Re8 13. d5 Bg6 14. Bd4 Nf5
15. Bxf6 Qxf6 16. c5 dxc5 17. bxc5 Nd7 18. Nb5 Rec8 19. c6 bxc6 20. Rxc6 Qd8
21. Qc1 Ne7 22. Rxc7 Nxd5 23. Rxc8 Rxc8 24. Qd2 N7b6 25. Rc1 Rxc1+ 1/2-1/2

[Event "Campionatul National de Sah Individual "]
[Site "Eforie Nord"]
[Date "2009.02.02"]
[Round "3.18"]
[White "Sava, Bogdan"]
[Black "Dragomirescu, Robin Alexandru"]
[Result "0-1"]
[WhiteElo "2115"]
[BlackElo "2302"]
[PlyCount "50"]
[EventDate "2009.02.01"]

1. d4 Nf6 2. c4 g6 3. Nc3 Bg7 4. e4 O-O 5. Be3 d6 6. f3 e5 7. Nge2 c6 8. Qd2
Nbd7 9. O-O-O a6 10. Bh6 Bxh6 11. Qxh6 b5 12. h4 Qa5 13. Ng3 b4 14. Nb1 Qxa2
15. Qg5 Ne8 16. Qd2 exd4 17. Qxd4 Nc5 18. Rd3 Be6 19. Re3 Nb3+ 20. Rxb3 Qxb3
21. Nd2 Qa2 22. Bd3 Qa5 23. Nb3 Qc7 24. f4 d5 25. e5 c5 0-1

[Event "Campionatul National de Sah Individual "]
[Site "Eforie Nord"]
[Date "2009.02.02"]
[Round "2.18"]
[White "Sava, Bogdan"]
[Black "Spulber, Cicirone"]
[Result "1/2-1/2"]
[WhiteElo "2115"]
[BlackElo "2326"]
[PlyCount "50"]
[EventDate "2009.02.01"]

1. c4 c5 2. g3 g6 3. Bg2 Bg7 4. Nf3 Nc6 5. O-O e5 6. Nc3 Nge7 7. d3 O-O 8. a3
d6 9. Rb1 a5 10. Bd2 Rb8 11. Qc1 Bg4 12. h3 Bxf3 13. Bxf3 Nd4 14. Bg2 b5 15.
cxb5 Rxb5 16. Qd1 Rb8 17. Nd5 Nxd5 18. Bxd5 a4 19. e3 Nb3 20. Bc3 Qe8 21. Qf3
Rb6 22. Kg2 Kh8 23. Rbd1 f5 24. h4 Qd7 25. Rfe1 h5 1/2-1/2

[Event "Mihail Sadoveanu"]
[Site "?"]
[Date "2007.08.22"]
[Round "?"]
[White "Grunberg, Mihai Lucian"]
[Black "Sava, Bogdan"]
[Result "1-0"]
[WhiteElo "2472"]
[BlackElo "2129"]
[PlyCount "111"]
[EventDate "2007.??.??"]

1. Nf3 Nf6 2. c4 e6 3. g3 c5 4. Bg2 Be7 5. O-O O-O 6. Nc3 d5 7. cxd5 exd5 8. d4
c4 9. b3 cxb3 10. Qxb3 Nc6 11. Bf4 a6 12. Rac1 Na5 13. Qc2 Bd7 14. Ne5 Be6 15.
Na4 Ba3 16. Rb1 b5 17. Nc5 Rc8 18. Qd3 Bxc5 19. dxc5 Rxc5 20. Qa3 Rc8 21. Bg5
h6 22. Bxf6 Qxf6 23. Qxa5 Qxe5 24. Qxa6 Ra8 25. Qxb5 Rfb8 26. Qd3 Rxb1 27. Rxb1
Rxa2 28. f4 Qf5 29. e4 Rxg2+ 30. Kxg2 dxe4 31. Qe3 Qd5 32. Re1 Qa2+ 33. Qe2 Qb3
34. Kg1 f5 35. Qe3 Qd5 36. Rc1 Kh7 37. Rc7 Qd1+ 38. Kg2 Bd5 39. Rd7 Qf3+ 40.
Qxf3 exf3+ 41. Kf2 Ba8 42. g4 Be4 43. Re7 Kg6 44. Re5 Kf6 45. gxf5 Bxf5 46.
Kxf3 h5 47. Ra5 g6 48. Ra6+ Kf7 49. Ke3 Kg7 50. h4 Bb1 51. Kd4 Bc2 52. Ke5 Bd3
53. Ra7+ Kh6 54. Kf6 Bc2 55. Ra8 Kh7 56. Kg5 1-0

[Event "Romanian Individual National C"]
[Site "Amara"]
[Date "2007.02.23"]
[Round "9"]
[White "Sava, Bogdan"]
[Black "Vasilescu, Lucian Mihail"]
[Result "1/2-1/2"]
[WhiteElo "2120"]
[BlackElo "2288"]
[PlyCount "38"]
[EventDate "2007.02.??"]
[EventCountry "ROM"]

1. d4 c5 2. d5 g6 3. c4 d6 4. e4 Bg7 5. Nc3 e6 6. Bf4 e5 7. Be3 Ne7 8. Qd2 f5
9. f3 O-O 10. O-O-O a6 11. g3 Qa5 12. h4 Nd7 13. h5 f4 14. gxf4 exf4 15. Bxf4
Bxc3 16. bxc3 Rxf4 17. Qxf4 Qxc3+ 18. Kb1 Qb4+ 19. Kc1 Qc3+ 1/2-1/2

[Event "Romanian Individual National C"]
[Site "Amara"]
[Date "2007.02.22"]
[Round "8"]
[White "Ciobanu, Aurelian"]
[Black "Sava, Bogdan"]
[Result "0-1"]
[WhiteElo "2234"]
[BlackElo "2120"]
[PlyCount "70"]
[EventDate "2007.02.??"]
[EventCountry "ROM"]

1. e4 e5 2. Nf3 Nf6 3. Nxe5 d6 4. Nf3 Nxe4 5. Nc3 Nxc3 6. dxc3 Be7 7. Be3 O-O
8. Qd2 Bg4 9. Be2 Nc6 10. h3 Be6 11. O-O-O a5 12. a4 Ne5 13. Nd4 Bd7 14. f4 Ng6
15. h4 Bxa4 16. h5 Nh8 17. Bf3 c5 18. Nf5 Re8 19. g4 Bc6 20. Qg2 Qc7 21. g5 Bf8
22. Rd5 g6 23. Nh6+ Bxh6 24. gxh6 Rxe3 25. f5 Rxf3 26. Qxf3 Bxd5 27. Qxd5 Qc6
28. Qd1 Re8 29. Kb1 Re5 30. Re1 Rxf5 31. Qg4 Rxh5 32. Re7 Rxh6 33. b3 Rh5 34.
Rd7 Re5 35. Rd8+ Re8 0-1

[Event "Romanian Individual National C"]
[Site "Amara"]
[Date "2007.02.21"]
[Round "7"]
[White "Sava, Bogdan"]
[Black "Strambu, Mihai"]
[Result "0-1"]
[WhiteElo "2120"]
[BlackElo "2206"]
[PlyCount "105"]
[EventDate "2007.02.??"]
[EventCountry "ROM"]

1. c4 e5 2. Nc3 Nf6 3. Nf3 Nc6 4. g3 d5 5. cxd5 Nxd5 6. d3 Be7 7. Bg2 Nb6 8.
Be3 O-O 9. O-O Be6 10. Qd2 f6 11. Rfc1 Nb4 12. Ne1 c6 13. Nc2 Rf7 14. a3 N4d5
15. Bxb6 Nxb6 16. b4 f5 17. Rd1 Bf6 18. e3 Rd7 19. Qe2 Qe7 20. e4 g6 21. Bh3
Rad8 22. a4 f4 23. Bxe6+ Qxe6 24. a5 Nc8 25. Na4 b6 26. Ra3 Rd6 27. d4 fxg3 28.
hxg3 exd4 29. Nb2 c5 30. bxc5 bxc5 31. f4 R6d7 32. e5 Be7 33. Qc4 Kf7 34. Qxe6+
Kxe6 35. Rf3 Rf8 36. Na3 Rb7 37. Nd3 Kd5 38. Rc1 a6 39. g4 Rb3 40. Nc4 Rc3 41.
Rxc3 dxc3 42. Ne3+ Ke4 43. Ne1 Rxf4 44. Rxf4+ Kxf4 45. Nd5+ Kxe5 46. Nxc3 Bd8
47. Na4 c4 48. Nc5 Bxa5 49. Nf3+ Kf4 50. Kg2 c3 51. Nxa6 Kxg4 52. Nc5 c2 53.
Nb3 0-1

[Event "ROM-ch"]
[Site "Amara"]
[Date "2007.02.20"]
[Round "6"]
[White "Anuta, Laurentiu "]
[Black "Sava, Bogdan"]
[Result "0-1"]
[WhiteElo "2018"]
[BlackElo "2120"]
[PlyCount "100"]
[EventDate "2007.02.16"]
[EventType "swiss"]
[EventRounds "9"]
[EventCountry "ROM"]
[Source "ChessBase"]
[SourceDate "2007.05.09"]

1. e4 e5 2. Bc4 Nf6 3. Nc3 Bb4 4. d3 d5 5. exd5 Nxd5 6. Bd2 Be6 7. Qf3 c6 8. a3
Bxc3 9. Bxc3 Qf6 10. Qxf6 gxf6 11. Bd2 Nd7 12. Ne2 O-O-O 13. f3 Nc7 14. Bxe6
fxe6 15. O-O-O h5 16. g3 Nb5 17. Rde1 c5 18. c4 Nd4 19. Nxd4 cxd4 20. Kc2 h4
21. g4 Rhg8 22. h3 b6 23. b4 Kb7 24. Rhf1 f5 25. Re2 e4 26. gxf5 e3 27. fxe6
Ne5 28. Bxe3 dxe3 29. Rxe3 Rg2+ 30. Kc3 Nc6 31. f4 Nd4 32. b5 Rc2+ 33. Kb4 Rb2+
34. Ka4 Nb3 35. Re5 Nc5+ 36. Rxc5 bxc5 37. e7 Re8 38. Re1 Rf2 39. Re4 Rf3 40.
Re5 Rxf4 41. Ka5 Rf3 42. Rxc5 Rxh3 43. Rd5 Rxe7 44. c5 Rhe3 45. a4 h3 46. d4
Rh7 47. Rd8 h2 48. c6+ Kc7 49. Ra8 h1=Q 50. Rxa7+ Kd6 0-1

[Event "ROM-ch"]
[Site "?"]
[Date "2007.02.19"]
[Round "?"]
[White "Sava, Bogdan"]
[Black "Miron, Lucian Costin"]
[Result "0-1"]
[WhiteElo "2120"]
[BlackElo "2325"]
[PlyCount "90"]
[EventDate "2007.??.??"]

1. c4 e6 2. g3 d5 3. Bg2 Nf6 4. Nf3 c6 5. O-O Nbd7 6. cxd5 exd5 7. d4 Bd6 8.
Nc3 O-O 9. Re1 Re8 10. Qd3 Nf8 11. Nh4 Ng6 12. Bg5 Be7 13. Nf5 Bxf5 14. Qxf5 h6
15. Bd2 Bf8 16. Rab1 Ne7 17. Qd3 Nc8 18. f3 c5 19. Kh1 a6 20. Be3 c4 21. Qd2 b5
22. Bg1 Qd7 23. e4 b4 24. Nxd5 Nxd5 25. exd5 Nb6 26. d6 Qxd6 27. f4 Rxe1 28.
Qxe1 Rd8 29. Rc1 Rc8 30. d5 Na4 31. Bd4 Qd7 32. h4 Nc5 33. Qf1 Nd3 34. Rc2 Re8
35. Re2 Rxe2 36. Qxe2 Qb5 37. Kh2 Bc5 38. Bxc5 Nxc5 39. Bf1 c3 40. Qe1 Qd7 41.
bxc3 bxc3 42. Qxc3 Qxd5 43. Bxa6 Qxa2+ 44. Kg1 Nxa6 45. Qc8+ Kh7 0-1

[Event "ROM-ch"]
[Site "?"]
[Date "2007.02.16"]
[Round "?"]
[White "Sava, Bogdan"]
[Black "Sofronie, Iulian"]
[Result "0-1"]
[WhiteElo "2120"]
[BlackElo "2440"]
[PlyCount "104"]
[EventDate "2007.??.??"]

1. c4 Nf6 2. Nc3 g6 3. d4 Bg7 4. e4 d6 5. f3 O-O 6. Be3 c5 7. dxc5 dxc5 8. Qxd8
Rxd8 9. Bxc5 Nc6 10. Nge2 Nd7 11. Ba3 Nde5 12. Nf4 e6 13. Rd1 Nd4 14. Bc5 Nec6
15. Bd3 b6 16. Ba3 Ba6 17. Nb5 Bxb5 18. cxb5 Ne5 19. Kf2 Nxd3+ 20. Rxd3 Nxb5
21. Be7 Rxd3 22. Nxd3 Rc8 23. Re1 Bd4+ 24. Kf1 a5 25. Bh4 a4 26. a3 f6 27. Bf2
Rc2 28. Re2 Rc4 29. Re1 e5 30. Bxd4 Rxd4 31. Nb4 Nd6 32. Re2 Nc4 33. Ke1 Kf7
34. Nd5 Ke6 35. Nc7+ Kf7 36. Nd5 h5 37. Rc2 f5 38. Nc3 Nd6 39. exf5 gxf5 40.
Rd2 Rxd2 41. Kxd2 b5 42. Nd5 Ke6 43. Nc3 h4 44. g4 fxg4 45. fxg4 e4 46. g5 Kf5
47. Ke3 Kxg5 48. Nxe4+ Nxe4 49. Kxe4 Kg4 50. h3+ Kxh3 51. Kf3 Kh2 52. Kf2 h3
0-1